| 000 | 00783cam a22002291 4500 | ||
|---|---|---|---|
| 001 | ne 63000682 | ||
| 003 | DLC | ||
| 005 | 20260227111743.0 | ||
| 008 | 900524s1959 ua b 000 0bararc | ||
| 010 | _ane 63000682 | ||
| 025 | _aPL480:UAR-1186 | ||
| 035 | _a(OCoLC)21586840 | ||
| 040 |
_aPrinceton Univ. Libr. _cWaU _dDLC |
||
| 042 | _apremarc | ||
| 050 | 0 | 0 |
_aPJ7750.B3 _bZ87 |
| 100 | 1 | _aShakʻah, Muṣṭafā. | |
| 245 | 1 | 0 |
_aBadīʻ al-Zamān al-Hamadhānī, _brāʼid al-qiṣṣah al-ʻArabīyah wa-al-maqālah al-ṣuḥufīyah. _cTaʼlīf Muṣṭafá al-Shakʻah. |
| 260 |
_aal-Qāhirah, _bMaktabat al-Qāhirah al-Hadīthah, _c1959. |
||
| 300 |
_a10, 353 p. _c24 cm. |
||
| 504 | _aBibliography: p. [339]-343. | ||
| 600 | 0 | 0 |
_aBadīʻ al-Zamān al-Hamadhānī, _d969-1008. |
| 999 |
_c45745 _d45745 |
||